Most Popular Soccer Jerseys - Statistics

General Stats
  • This quiz has been taken 198 times
  • The average score is 9 of 14
Answer Stats
Hint Answer % Correct
~700,000 Cristiano Ronaldo
99%
~1,000,000 Lionel Messi
99%
~450,000 Kylian Mbappé
90%
~120,000 Neymar Jr.
86%
~400,000 Erling Haaland
79%
~250,000 Harry Kane
64%
~350,000 Mohamed Salah
62%
~500,000 Jude Bellingham
59%
~225,000 Vinícius Jr
54%
~300,000 Kevin De Bruyne
49%
~275,000 Robert Lewandowski
49%
~200,000 Luka Modrić
33%
~125,000 Son Heung-min
28%
~150,000 Marcus Rashford
10%
No matching quizzes found
Score Distribution
Percent of People with Each Score
Percentile by Number Answered
Your Score History
You have not taken this quiz